MARC

LEADER 00000nam0a2200000 4500
001 355815
005 20231102010831.0
035 |a (RuTPU)RU\TPU\retro\13075 
090 |a 355815 
100 |a 20200713d1979 km y0rusy50 ca 
101 0 |a rus 
102 |a RU 
105 |a y z 000zy 
200 1 |a Социализм и охрана окружающей среды. Право и управление в странах-членах СЭВ  |g под ред. О. С. Колбасова 
210 |a Москва  |c Юридическая литература  |d 1979 
215 |a 392 с. 
606 1 |a Экология в целом  |2 stltpush  |3 (RuTPU)RU\TPU\subj\39023  |9 59264 
606 1 |a Экологическое право  |2 stltpush  |3 (RuTPU)RU\TPU\subj\26534  |9 50439 
610 1 |a социалистические страны 
610 1 |a СЭВ 
610 1 |a управление 
610 1 |a правовые системы 
610 1 |a окружающая природная среда 
610 1 |a охрана природы 
610 1 |a законодательство 
610 1 |a государственное управление 
610 1 |a международное сотрудничество 
675 |a 504  |v 4 
686 |a Х625  |v LBC/SL-A  |2 rubbk 
702 1 |a Колбасов  |b О. С.  |4 340 
801 1 |a RU  |b 63413507  |c 20200713 
801 2 |a RU  |b 63413507  |c 20210402  |g RCR 
942 |c BK